Southville International School and Colleges
Your cart is empty.
  • Cart
  • Lists
    Public lists list_1 View all
    Your lists Log in to create your own lists
  • Log in to your account
  • Your cookies
  • Search history
Southville International School and Colleges
  • Advanced search
  • Recent comments
  • Most popular
  • Libraries

Log in to your account

Log in with GOOGLE


If you do not have an external account, but do have a local account, you can still log in:

  1. Home
  2. MARC view: Forensic psychological assessment in practice :
Normal view MARC view ISBD view

Forensic psychological assessment in practice : (Record no. 288885)

[ view plain ]
MARC details
000 -LEADER
fixed length control field 02060cam a2200349 i 4500
001 - CONTROL NUMBER
control field 18334309
003 - CONTROL NUMBER IDENTIFIER
control field PILC
005 - DATE AND TIME OF LATEST TRANSACTION
control field 20151105081411.0
008 - FIXED-LENGTH DATA ELEMENTS--GENERAL INFORMATION
fixed length control field 141011s2015 nyu b 001 0 eng
010 ## - LIBRARY OF CONGRESS CONTROL NUMBER
LC control number 2014035638
020 ## - INTERNATIONAL STANDARD BOOK NUMBER
International Standard Book Number 9780415895224 (hardback : alk. paper)
020 ## - INTERNATIONAL STANDARD BOOK NUMBER
International Standard Book Number 9781138852754 (pbk. : alk. paper)
020 ## - INTERNATIONAL STANDARD BOOK NUMBER
Cancelled/invalid ISBN 9781315723310 (ebook)
035 ## - SYSTEM CONTROL NUMBER
System control number (DNLM)101643462
040 ## - CATALOGING SOURCE
Original cataloging agency DNLM/DLC
Transcribing agency DLC
Description conventions rda
Modifying agency DLC
042 ## - AUTHENTICATION CODE
Authentication code pcc
050 00 - LIBRARY OF CONGRESS CALL NUMBER
Classification number RA 1151
Item number .R789 2015
060 10 - NATIONAL LIBRARY OF MEDICINE CALL NUMBER
Classification number W 740
082 00 - DEWEY DECIMAL CLASSIFICATION NUMBER
Classification number 614/.15
100 1# - MAIN ENTRY--PERSONAL NAME
Personal name Ruiter, C. de,
Relator term author.
245 10 - TITLE STATEMENT
Title Forensic psychological assessment in practice :
Remainder of title case studies /
Statement of responsibility, etc Corine De Ruiter, Nancy Kaser-Boyd.
260 ## - PUBLICATION, DISTRIBUTION, ETC. (IMPRINT)
Place of publication, distribution, etc New York :
Name of publisher, distributor, etc Routledge,
Date of publication, distribution, etc 2015.
300 ## - PHYSICAL DESCRIPTION
Extent xvi, 297 pages :
Other physical details illustrations ;
Dimensions 24 cm.
490 1# - SERIES STATEMENT
Series statement International perspectives on forensic mental health
500 ## - GENERAL NOTE
General note Includes bibliographical references and index.
520 ## - SUMMARY, ETC.
Summary, etc "Forensic Psychological Assessment in Practice: Case Studies presents a set of forensic criminal cases as examples of a scientist-practitioner model for forensic psychological assessment. The cases involve a number of forensic issues, such as criminal responsibility, violence risk assessment, treatment planning, and referral to long term forensic care. Likewise, different types of offenses are covered, for example, sexual offending, arson, homicide, robbery and domestic violence. The authors address a variety of mental disorders including psychosis, posttraumatic stress disorder, psychopathy and other personality disorders. The book will be useful for novice and experienced forensic psychologists and psychiatrists who are looking for case studies that integrate the most recent empirical evidence with psychological test findings"--Provided by publisher.
650 12 - SUBJECT ADDED ENTRY--TOPICAL TERM
Topical term or geographic name as entry element Forensic Psychiatry
Form subdivision Case Reports.
700 1# - ADDED ENTRY--PERSONAL NAME
Personal name Kaser-Boyd, Nancy,
Relator term author.
906 ## - LOCAL DATA ELEMENT F, LDF (RLIN)
a 7
b cbc
c orignew
d 1
e ecip
f 20
g y-gencatlg
942 ## - ADDED ENTRY ELEMENTS (KOHA)
Source of classification or shelving scheme Library of Congress Classification
Koha item type Books
Call number prefix Foreign
Holdings
Withdrawn status Lost status Source of classification or shelving scheme Damaged status Home library Current library Shelving location Date acquired Source of acquisition Cost, normal purchase price Total Checkouts Full call number Barcode Date last seen Date checked out Price effective from Koha item type
    Library of Congress Classification   College Library College Library Reserve Section 11/05/2015 Library Fund 4505.00 2 RA 1151 .R789 2015 C20214 06/23/2018 06/16/2018 11/05/2015 Books

Forensic psychological assessment in practice :

APA

Ruiter C. d., Kaser-Boyd N., . (2015). Forensic psychological assessment in practice. New York: Routledge.

Chicago

Ruiter C de, Kaser-Boyd Nancy, . 2015. Forensic psychological assessment in practice. New York: Routledge.

Harvard

Ruiter C. d., Kaser-Boyd N., . (2015). Forensic psychological assessment in practice. New York: Routledge.

MLA

Ruiter C de, Kaser-Boyd Nancy, . Forensic psychological assessment in practice. New York: Routledge. 2015.

  • Place hold
  • Print
  • Cite
  • Add to your cart (remove)
  • Save record
    BIBTEX Dublin Core MARCXML MARC (non-Unicode/MARC-8) MARC (Unicode/UTF-8) MARC (Unicode/UTF-8, Standard) MODS (XML) RIS
  • More searches
    Search for this title in:
    Other Libraries (WorldCat) Other Databases (Google Scholar) Online Stores (Bookfinder.com) Open Library (openlibrary.org)

Exporting to Dublin Core...

SOUTHVILLE LIBRARY

Southville International School and Colleges Library

1281 Tropical Ave. Cor. Luxembourg St., BF Homes International, Las Pinas City

Tel. No. 8256374 / 252358 Loc. 117/146

Powered by Koha